000 00670nam a2200157 i 4500
001 bg
245 0 _aSystematyczny Wykaz Wyrobów SWW :
_bjednolity tekst uzupełnień do wyd. 4 /
_c[oprac. Główny Urząd Statystyczny, Ośrodek Badawczo-Rozwojowy Systemu Państwowej Informacji Statystycznej].
260 _aGdańsk :
_bOśrodek Doradztwa i Doskonalenia Kadr,
_c1994.
300 _c23 cm.
501 _aPrzedruk w całości: Systematyczny Wykaz Wyrobów GUS. Wyd.4 Zakład Wydawnictw Statystycznych GUS Warszawa 1994 r.
650 9 _aSWW |[Systematyczny Wykaz Wyrobów]
040 _cBPK
041 _apl
942 _cKA
008 s pl f |000 0 pol
999 _c24136
_d24136
856 _uhttp://koha.tu.koszalin.pl/cgi-bin/koha/opac-detail.pl?biblionumber=24136
_yKatalog online BPK